[Event "Stay Safe Play From Home 164"]
[Site "T#646228Emanuel Laske"]
[Date "2020.05.21"]
[Round "2"]
[White "SoulofWolf"]
[Black "Castlingarrocco"]
[Result "1-0"]
[WhiteElo "2153"]
[BlackElo "2040"]
[Annotator "TA"]
[PlyCount "161"]
[EventDate "2020.05.21"]
[EventType "swiss (blitz)"]

{[%evp 9,161,20,20,19,33,32,33,25,25,22,32,-4,0,-7,0,-7,41,21,25,20,39,-5,0,-6,-10,-20,4,4,13,6,9,9,4,5,51,51,38,51,101,60,62,47,47,20,23,0,-1,-72,52,52,56,45,83,75,107,107,107,-104,-4,-5,-5,-20,37,39,48,43,45,48,62,31,38,31,36,36,62,45,91,91,104,104,159,159,164,164,29975,29972,29972,29973,29973,29974,29973,29974,29971,29972,29965,29965,29979,29980,29981,29982,29982,29983,29983,29984,29985,29985,29986,29986,29986,29987,29989,29990,29992,29993,29994,29992,29992,29993,29993,29994,29995,29996,29996,29995,29997,29996,29996,29996,29997,29995,29998,29997,29997,29992,29992,29993,29993,29993,29994,29993,29993,29992,29994,29993,29995,29993,29995,29994,29994,29994,29995,29995,29995,29995]} 1. Nf3 d6 2. d4 Bg4 3. Bg5 Bxf3 4. exf3 Nd7 5. Nd2 {[#]} Ngf6 $146 ({Predecessor:} 5... c6 6. c3 h6 7. Bh4 d5 8. Bd3 Ngf6 9. f4 e6 10. Nf3 Be7 11. O-O g6 12. Re1 Ng8 13. Bxe7 Nxe7 14. Ne5 h5 15. Re3 Kf8 16. Qc2 Nxe5 17. fxe5 Nf5 {½-½ (17) Piankov,E (2225)-Grabarczyk,M (2374) Raciborz 2019}) 6. Bd3 {A41: 1 d4 d6: Tartakower System and Modern Defence.} g6 7. O-O Bg7 8. Re1 {White is slightly better.} O-O 9. c3 c5 10. Qe2 cxd4 11. cxd4 Re8 12. Nb3 e5 13. dxe5 Nxe5 14. Bb5 Re7 15. f4 {Bxf6 is the strong threat.} Nc6 16. Qc4 Rxe1+ 17. Rxe1 Qd7 18. Rd1 d5 19. Qc2 $36 {[%mdl 2048] White has good play.} Rd8 20. Nc5 Qc7 21. Nxb7 Qxb7 (21... Rc8 $5 {[%cal Rc7b7]} 22. Qxc6 Qxc6 23. Bxc6 Rxc6 $11) 22. Qxc6 Qxc6 23. Bxc6 d4 24. f3 h6 25. Bxf6 Bxf6 $14 {[%mdl 4096] Endgame KRB-KRB} 26. Kf2 d3 27. Rd2 Bd4+ 28. Kg3 {[#]} (28. Kf1 $11) 28... Bb6 (28... Be3 $1 $17 {[%cal Re3d2]} 29. Rd1 d2) 29. Be4 Kg7 30. f5 g5 31. h4 gxh4+ 32. Kxh4 Be3 33. Rd1 $2 (33. Rxd3 $16 Rxd3 34. Bxd3) 33... Bg5+ (33... d2 $17 {White should prevent ...Rc8.} 34. g3 Kf6) 34. Kg3 d2 35. Kf2 Rc8 ({Better is} 35... h5 $11) 36. Ke2 Rc1 37. g3 Rxd1 38. Kxd1 {KB-KB} Bf6 39. b3 Bc3 40. a3 a5 41. Kc2 Be5 42. f4 Bd4 43. Kxd2 {Black is now going downhill.} Bf2 44. g4 Bg3 (44... f6 $142 45. Kc3 Kf8) 45. Ke3 $16 Bh4 46. b4 f6 $2 (46... axb4 $18 47. axb4 Bd8) 47. b5 {White mates.} Bg3 48. b6 Bh2 49. b7 Bg1+ 50. Kd3 Ba7 51. Kc4 Bb8 52. Kb5 Bxf4 53. Kxa5 Bb8 54. Kb6 h5 55. gxh5 Be5 56. Bf3 Bf4 57. a4 Kh6 58. a5 Kg5 59. a6 Kh4 60. a7 Kg3 61. a8=Q Kxf3 62. Qg8 Ke4 63. h6 Be5 64. h7 Kxf5 65. h8=Q Ke4 {[#]} 66. Qe8 $1 f5 67. Qhf8 Kf3 68. b8=Q f4 69. Qbc8 Bd6 {[#]} 70. Qcf5 $1 Bxf8 {[#]} 71. Qxf4+ $3 Kxf4 72. Qxf8+ Kg4 73. Qe7 Kh5 74. Kc7 Kg4 75. Qd7+ Kh5 76. Kc6 Kh4 77. Qd6 Kh3 78. Kc5 Kg2 79. Qd5+ Kg1 80. Kc4 Kh2 81. Qd4 {Accuracy: White = 80%, Black = 68%.} 1-0

[Event "Stay Safe Play From Home 164"]
[Site "T#646228Emanuel Laske"]
[Date "2020.05.21"]
[Round "2"]
[White "Sfantul321"]
[Black "Lamborghini"]
[Result "0-1"]
[WhiteElo "2011"]
[BlackElo "2202"]
[Annotator "NA"]
[PlyCount "92"]
[EventDate "2020.05.21"]
[EventType "swiss (blitz)"]

1. c4 {[%emt 0:00:01]} g6 {[%emt 0:00:02]} 2. Nc3 {[%emt 0:00:00]} Bg7 {[%emt 0:00:01]} 3. e4 {[%emt 0:00:00]} c5 {[%emt 0:00:01]} 4. Nf3 {[%emt 0:00:01]} Nc6 {[%emt 0:00:01]} 5. d4 {[%emt 0:00:01]} cxd4 {[%emt 0:00:01]} 6. Nb5 {[%emt 0:00:01]} Qb6 {[%emt 0:00:03]} 7. Bf4 {[%emt 0:00:02]} d6 {[%emt 0:00:02]} 8. Qc2 {[%emt 0:00:03]} a6 {[%emt 0:00:01]} 9. Na3 {[%emt 0:00:01]} e5 {[%emt 0:00:02]} 10. Bd2 {[%emt 0:00:01]} Nf6 {[%emt 0:00:01]} 11. Bd3 {[%emt 0:00:02]} Nb4 {[%emt 0:00:02]} 12. Bxb4 {[%emt 0:00:02]} Qxb4+ {[%emt 0:00:01]} 13. Nd2 {[%emt 0:00:00]} O-O {[%emt 0:00:02]} 14. O-O {[%emt 0:00:01]} Be6 {[%emt 0:00:01]} 15. f4 {[%emt 0:00:01]} Ng4 {[%emt 0:00:02]} 16. Qb3 {[%emt 0:00:04]} Qxb3 {[%emt 0:00:01]} 17. Nxb3 {[%emt 0:00:02]} Ne3 {[%emt 0:00:01]} 18. Rf2 {[%emt 0:00:01]} b6 {[%emt 0:00:01]} 19. f5 {[%emt 0:00:02]} Bd7 {[%emt 0:00:01]} 20. f6 {[%emt 0:00:02]} Bh6 {[%emt 0:00:01]} 21. h3 {[%emt 0:00:02]} Rfc8 {[%emt 0:00:01]} 22. Re2 {[%emt 0:00:04]} Be6 {[%emt 0:00:01]} 23. Rc1 {[%emt 0:00:02]} Rab8 {[%emt 0:00:01]} 24. Nc2 {[%emt 0:00:02]} Nxc4 {[%emt 0:00:03]} 25. Rb1 {[%emt 0:00:01]} Ne3 {[%emt 0:00:02]} 26. Bxa6 {[%emt 0:00:01]} Rxc2 {[%emt 0:00:03]} 27. Rxc2 {[%emt 0:00:02]} Nxc2 {[%emt 0:00:01]} 28. Bd3 {[%emt 0:00:01]} Nb4 {[%emt 0:00:01]} 29. Bb5 {[%emt 0:00:02]} d3 {[%emt 0:00:01]} 30. Rd1 {[%emt 0:00:01]} Bxb3 {[%emt 0:00:02]} 31. axb3 {[%emt 0:00:01]} Be3+ {[%emt 0:00:01]} 32. Kh2 {[%emt 0:00:01]} h5 {[%emt 0:00:01]} 33. Bxd3 {[%emt 0:00:01]} Nxd3 {[%emt 0:00:01]} 34. Rxd3 {[%emt 0:00:00]} Bg5 {[%emt 0:00:01]} 35. Rxd6 {[%emt 0:00:01]} h4 {[%emt 0:00:01]} 36. g4 {[%emt 0:00:01]} Bf4+ {[%emt 0:00:02]} 37. Kg2 {[%emt 0:00:01]} b5 {[%emt 0:00:00]} 38. Kf3 {[%emt 0:00:01]} g5 {[%emt 0:00:01]} 39. Rd7 {[%emt 0:00:01]} b4 {[%emt 0:00:01]} 40. Rc7 {[%emt 0:00:01]} Rb6 {[%emt 0:00:01]} 41. Rc8+ {[%emt 0:00:01]} Kh7 {[%emt 0:00:01]} 42. Rf8 {[%emt 0:00:00]} Rxf6 {[%emt 0:00:01]} 43. Ke2 {[%emt 0:00:00]} Kg6 {[%emt 0:00:01]} 44. Kd3 {[%emt 0:00:00]} Rd6+ {[%emt 0:00:01]} 45. Kc4 {[%emt 0:00:01]} Rd4+ {[%emt 0:00:00]} 46. Kb5 {[%emt 0:00:01]} Rxe4 {[%emt 0:00:00] Time (Lag: Av=0.23s, max=0.8s)} 0-1

[Event "Stay Safe Play From Home 164"]
[Site "T#646228Emanuel Laske"]
[Date "2020.05.21"]
[Round "2"]
[White "SecantFX"]
[Black "Haris kollari 13"]
[Result "1-0"]
[WhiteElo "1921"]
[BlackElo "1703"]
[Annotator "NA"]
[PlyCount "93"]
[EventDate "2020.05.21"]
[EventType "swiss (blitz)"]

1. g3 {[%emt 0:00:01]} e6 {[%emt 0:00:00]} 2. Bg2 {[%emt 0:00:00]} d5 {[%emt 0:00:00]} 3. f4 {[%emt 0:00:00]} f5 {[%emt 0:00:01]} 4. Nf3 {[%emt 0:00:00]} c5 {[%emt 0:00:01]} 5. e3 {[%emt 0:00:00]} Nc6 {[%emt 0:00:01]} 6. c3 {[%emt 0:00:00]} Nf6 {[%emt 0:00:01]} 7. d4 {[%emt 0:00:00]} c4 {[%emt 0:00:01]} 8. Nbd2 {[%emt 0:00:01]} Bd7 {[%emt 0:00:01]} 9. O-O {[%emt 0:00:01]} b5 {[%emt 0:00:01]} 10. Re1 {[%emt 0:00:00]} h6 {[%emt 0:00:01]} 11. h3 {[%emt 0:00:00]} Be7 {[%emt 0:00:02]} 12. Ne5 {[%emt 0:00:00]} Nxe5 {[%emt 0:00:02]} 13. fxe5 {[%emt 0:00:00]} Ne4 {[%emt 0:00:01]} 14. Nxe4 {[%emt 0:00:01]} dxe4 {[%emt 0:00:02]} 15. Qh5+ {[%emt 0:00:01]} Kf8 {[%emt 0:00:02]} 16. Rf1 {[%emt 0:00:01]} Be8 {[%emt 0:00:01]} 17. Rxf5+ {[%emt 0:00:05]} exf5 {[%emt 0:00:02]} 18. Qxf5+ {[%emt 0:00:00]} Bf7 {[%emt 0:00:02]} 19. e6 {[%emt 0:00:01]} Qe8 {[%emt 0:00:03]} 20. exf7 {[%emt 0:00:01]} Qxf7 {[%emt 0:00:01]} 21. Qxf7+ {[%emt 0:00:01]} Kxf7 {[%emt 0:00:01]} 22. Bxe4 {[%emt 0:00:00]} Rad8 {[%emt 0:00:01]} 23. Bc6 {[%emt 0:00:01]} a6 {[%emt 0:00:04]} 24. Bd2 {[%emt 0:00:02]} Rd6 {[%emt 0:00:01]} 25. Be4 {[%emt 0:00:02]} Re8 {[%emt 0:00:03]} 26. Rf1+ {[%emt 0:00:02]} Bf6 {[%emt 0:00:01]} 27. Bg2 {[%emt 0:00:03]} Kg8 {[%emt 0:00:01]} 28. e4 {[%emt 0:00:00]} Rdd8 {[%emt 0:00:02]} 29. Be3 {[%emt 0:00:01]} a5 {[%emt 0:00:01]} 30. e5 {[%emt 0:00:01]} Bg5 {[%emt 0:00:02]} 31. Bxg5 {[%emt 0:00:02]} hxg5 {[%emt 0:00:01]} 32. Bc6 {[%emt 0:00:00]} Rf8 {[%emt 0:00:01]} 33. Bxb5 {[%emt 0:00:01]} Rxf1+ {[%emt 0:00:02]} 34. Kxf1 {[%emt 0:00:00]} Rb8 {[%emt 0:00:02]} 35. a4 {[%emt 0:00:02]} Rb6 {[%emt 0:00:03]} 36. Bxc4+ {[%emt 0:00:01]} Kh7 {[%emt 0:00:01]} 37. b3 {[%emt 0:00:01]} Kh6 {[%emt 0:00:01]} 38. g4 {[%emt 0:00:01]} g6 {[%emt 0:00:00]} 39. Ke2 {[%emt 0:00:00]} Rb7 {[%emt 0:00:01]} 40. Kf3 {[%emt 0:00:01]} Rf7+ {[%emt 0:00:01]} 41. Ke3 {[%emt 0:00:00]} Rf4 {[%emt 0:00:01]} 42. d5 {[%emt 0:00:01]} Rf8 {[%emt 0:00:02]} 43. e6 {[%emt 0:00:01]} Rd8 {[%emt 0:00:01]} 44. d6 {[%emt 0:00:00]} Kg7 {[%emt 0:00:01]} 45. e7 {[%emt 0:00:01]} Rxd6 {[%emt 0:00:01]} 46. e8=Q {[%emt 0:00:01]} Rd1 {[%emt 0:00:00]} 47. Qf7+ {[%emt 0:00:02] Time} 1-0

[Event "Stay Safe Play From Home 164"]
[Site "T#646228Emanuel Laske"]
[Date "2020.05.21"]
[Round "2"]
[White "Matanant"]
[Black "Klausen"]
[Result "0-1"]
[WhiteElo "1757"]
[BlackElo "1794"]
[Annotator "NA"]
[PlyCount "58"]
[EventDate "2020.05.21"]
[EventType "swiss (blitz)"]

1. b3 {[%emt 0:00:01]} Nf6 {[%emt 0:00:01]} 2. Bb2 {[%emt 0:00:00]} d5 {[%emt 0:00:01]} 3. f4 {[%emt 0:00:01]} g6 {[%emt 0:00:02]} 4. Nf3 {[%emt 0:00:00]} Bg7 {[%emt 0:00:02]} 5. d3 {[%emt 0:00:01]} O-O {[%emt 0:00:01]} 6. Nbd2 {[%emt 0:00:02]} c5 {[%emt 0:00:01]} 7. e4 {[%emt 0:00:01]} dxe4 {[%emt 0:00:01]} 8. dxe4 {[%emt 0:00:01]} Nc6 {[%emt 0:00:00]} 9. c4 {[%emt 0:00:03]} b6 {[%emt 0:00:02]} 10. e5 {[%emt 0:00:01]} Ng4 {[%emt 0:00:02]} 11. Qe2 {[%emt 0:00:03]} Bb7 {[%emt 0:00:03]} 12. h3 {[%emt 0:00:01]} Nh6 {[%emt 0:00:01]} 13. g4 {[%emt 0:00:01]} f6 {[%emt 0:00:01]} 14. Bg2 {[%emt 0:00:04]} fxe5 {[%emt 0:00:02]} 15. fxe5 {[%emt 0:00:01]} Nd4 {[%emt 0:00:04]} 16. Nxd4 {[%emt 0:00:01]} Bxg2 {[%emt 0:00:04]} 17. Qxg2 {[%emt 0:00:02]} cxd4 {[%emt 0:00:01]} 18. Qe4 {[%emt 0:00:03]} e6 {[%emt 0:00:03]} 19. O-O-O {[%emt 0:00:03]} Nf7 {[%emt 0:00:02]} 20. Bxd4 {[%emt 0:00:02]} Qc7 {[%emt 0:00:02]} 21. Nf3 {[%emt 0:00:03]} Rad8 {[%emt 0:00:02]} 22. Bc3 {[%emt 0:00:05]} b5 {[%emt 0:00:02]} 23. Rxd8 {[%emt 0:00:03]} Rxd8 {[%emt 0:00:02]} 24. g5 {[%emt 0:00:04]} bxc4 {[%emt 0:00:02]} 25. Qxc4 {[%emt 0:00:01]} Qb7 {[%emt 0:00:03]} 26. Kb2 {[%emt 0:00:03]} Qxf3 {[%emt 0:00:02]} 27. Rf1 {[%emt 0:00:01]} Qd5 {[%emt 0:00:01]} 28. Qc7 {[%emt 0:00:03]} Qd7 {[%emt 0:00:03]} 29. Qc4 {[%emt 0:00:03]} Rc8 {[%emt 0:00:01] Time (Lag: Av=0.54s, max=0.8s)} 0-1

[Event "Stay Safe Play From Home 164"]
[Site "T#646228Emanuel Laske"]
[Date "2020.05.21"]
[Round "2"]
[White "Emresenar"]
[Black "Mandy"]
[Result "1-0"]
[WhiteElo "1738"]
[BlackElo "902"]
[Annotator "NA"]
[PlyCount "23"]
[EventDate "2020.05.21"]
[EventType "swiss (blitz)"]

1. e4 {[%emt 0:00:01]} c6 {[%emt 0:00:02]} 2. Bc4 {[%emt 0:00:02]} d5 {[%emt 0:00:03]} 3. exd5 {[%emt 0:00:01]} Bd7 {[%emt 0:00:09]} 4. dxc6 {[%emt 0:00:08]} Bxc6 {[%emt 0:00:05]} 5. Qh5 {[%emt 0:00:01]} g6 {[%emt 0:00:02]} 6. Qg4 {[%emt 0:00:03]} f5 {[%emt 0:00:08]} 7. Qg3 {[%emt 0:00:05]} Nf6 {[%emt 0:00:02]} 8. Nf3 {[%emt 0:00:01]} Nbd7 {[%emt 0:00:08]} 9. Ne5 {[%emt 0:00:02]} Bg7 {[%emt 0:00:08]} 10. Nxg6 {[%emt 0:00:10]} hxg6 {[%emt 0:00:04]} 11. Qxg6+ {[%emt 0:00:00]} Kf8 {[%emt 0:00:02]} 12. Qf7# {[%emt 0:00:00] (Lag: Av=0.76s, max=1.8s)} 1-0

[Event "Stay Safe Play From Home 164"]
[Site "T#646228Emanuel Laske"]
[Date "2020.05.21"]
[Round "2"]
[White "Aleckst"]
[Black "Haxhi Baha"]
[Result "0-1"]
[WhiteElo "1352"]
[BlackElo "1889"]
[Annotator "NA"]
[PlyCount "56"]
[EventDate "2020.05.21"]
[EventType "swiss (blitz)"]

1. e4 {[%emt 0:00:02]} e6 {[%emt 0:00:01]} 2. Nf3 {[%emt 0:00:00]} d5 {[%emt 0:00:00]} 3. exd5 {[%emt 0:00:02]} exd5 {[%emt 0:00:00]} 4. d4 {[%emt 0:00:00]} c6 {[%emt 0:00:00]} 5. Nc3 {[%emt 0:00:01]} Nf6 {[%emt 0:00:00]} 6. Be3 {[%emt 0:00:01]} Bd6 {[%emt 0:00:01]} 7. Bd3 {[%emt 0:00:00]} O-O {[%emt 0:00:01]} 8. Qd2 {[%emt 0:00:00]} Ng4 {[%emt 0:00:01]} 9. O-O-O {[%emt 0:00:00]} Re8 {[%emt 0:00:02]} 10. h3 {[%emt 0:00:01]} Nxe3 {[%emt 0:00:01]} 11. fxe3 {[%emt 0:00:01]} Qc7 {[%emt 0:00:02]} 12. g4 {[%emt 0:00:00]} Rxe3 {[%emt 0:00:02]} 13. Qxe3 {[%emt 0:00:03]} Bf4 {[%emt 0:00:01]} 14. Qxf4 {[%emt 0:00:01]} Qxf4+ {[%emt 0:00:00]} 15. Kb1 {[%emt 0:00:00]} Qxf3 {[%emt 0:00:02]} 16. Rdf1 {[%emt 0:00:00]} Qg3 {[%emt 0:00:02]} 17. Rhg1 {[%emt 0:00:02]} Qh4 {[%emt 0:00:01]} 18. Rf3 {[%emt 0:00:02]} Be6 {[%emt 0:00:02]} 19. Rgf1 {[%emt 0:00:00]} Nd7 {[%emt 0:00:01]} 20. Bf5 {[%emt 0:00:01]} Nf6 {[%emt 0:00:02]} 21. Bxe6 {[%emt 0:00:01]} fxe6 {[%emt 0:00:00]} 22. Ne2 {[%emt 0:00:01]} Ne4 {[%emt 0:00:02]} 23. Kc1 {[%emt 0:00:04]} Qh6+ {[%emt 0:00:03]} 24. Nf4 {[%emt 0:00:06]} Rf8 {[%emt 0:00:02]} 25. b3 {[%emt 0:00:04]} Ng5 {[%emt 0:00:04]} 26. R3f2 {[%emt 0:00:02]} Nxh3 {[%emt 0:00:02]} 27. Rh2 {[%emt 0:00:06]} Rxf4 {[%emt 0:00:02]} 28. Rxf4 {[%emt 0:00:04]} Qxf4+ {[%emt 0:00:00] Aleckst Сдается (Lag: Av=0.85s, max=1.2s)} 0-1

[Event "Stay Safe Play From Home 164"]
[Site "T#646228Emanuel Laske"]
[Date "2020.05.21"]
[Round "3"]
[White "Karthikchess"]
[Black "SoulofWolf"]
[Result "1-0"]
[WhiteElo "2533"]
[BlackElo "2165"]
[Annotator "TA"]
[PlyCount "97"]
[EventDate "2020.05.21"]
[EventType "swiss (blitz)"]

{[%evp 9,97,10,149,6,142,139,145,102,119,121,125,122,139,143,136,117,139,136,133,120,154,115,150,109,147,154,145,78,84,73,87,76,82,80,98,-57,25,-21,115,99,103,-79,316,173,172,165,280,183,393,178,283,286,331,221,210,226,317,292,283,156,423,288,392,297,507,481,737,512,1877,1836,1684,1118,1079,1098,1581,1568,29960,2016,29990,11161,29992,29993,29993,29994,29996,29995,29996,29997,29998,29997]} 1. Nf3 e6 2. c4 d5 3. g3 c6 4. Bg2 Nf6 5. O-O {[#]} e5 $146 (5... dxc4 $11 6. Nc3 Be7) ({Predecessor:} 5... Be7 6. b3 O-O 7. Bb2 b6 8. e3 b5 9. d3 a5 10. a3 Ba6 11. Nbd2 Nbd7 12. Qc2 Bd6 13. e4 Be7 14. Rfd1 Rc8 15. e5 Ne8 {½-½ (82) Edouard,R (2607)-Lenic,L (2650) Heraklion 2017}) 6. b3 {A13: English Opening: 1...e6.} (6. Nxe5 $16 {next cxd5 is good for White.} dxc4 7. Nxc4) 6... Be7 (6... Bd6 $11 {keeps the balance.}) 7. Nxe5 $16 O-O 8. Nf3 {White is clearly better.} Bg4 9. Bb2 Nbd7 10. cxd5 cxd5 11. d3 Re8 12. Nbd2 a5 13. h3 Bh5 14. a3 b5 15. Re1 Rb8 16. Nh4 Nf8 17. Nf5 Bc5 18. d4 ({Better is} 18. Nf3) 18... Bb6 19. Nf3 Bg6 20. N3h4 Qd7 21. Nxg6 Nxg6 22. Ne3 $2 (22. Qd3 $16) 22... Ne4 (22... Rxe3 $1 $15 23. fxe3 Qd6) 23. Qd3 Re7 (23... f5 $1 $11 {remains equal.}) 24. Rac1 Rbe8 25. Ng4 $2 {[#]} (25. Nf1 $16 {stays on course.}) 25... Nd6 $2 {[%mdl 8192]} (25... h5 $1 $17 {[%cal Rh5g4] and life is bright.} 26. Nh2 h4) 26. e3 (26. Bxd5 $142 {Hoping for Bc6.} Qf5 27. Qf3) 26... Ne4 $18 27. Ne5 $36 {[%mdl 2048] White is in control.} Qe6 (27... Nxe5 $142 28. dxe5 b4 29. axb4 axb4) 28. Nxg6 Qxg6 $2 (28... hxg6 29. Qxb5 Rb7 30. Bxe4 Qxe4) 29. Rc2 (29. Qxb5 $142 Re6 30. Qxd5) 29... h6 (29... b4 $142 30. Rec1 Bd8) 30. Rec1 Ba7 31. Rc6 Qf5 32. R1c2 Re6 (32... b4 $142 33. Ra6 Qd7 34. Rxa5 Bb6) 33. Rxe6 ({Don't take} 33. Qxb5 Rb8 $18) 33... Rxe6 34. Qxb5 (34. g4 $18 Qg6 35. Qxb5) 34... Kh7 $2 {Now Black is done in.} (34... Nxg3 $16 35. Rc8+ Kh7) 35. Qd3 Bb8 36. b4 Rf6 $2 (36... axb4 {is a better defense.} 37. axb4 Rb6) 37. bxa5 Bc7 (37... Qg6 $142 38. g4 h5) 38. a6 {Strongly threatening a7.} Nxg3 (38... Bb8 $142 39. g4 Qg6) 39. Qxf5+ Nxf5 40. Rxc7 Rxa6 41. Bxd5 Kg6 42. Be4 Kf6 43. Rc6+ (43. d5+ $142 Kg5 44. Rxf7 {[%mdl 64] Double Attack} Nh4 45. Bd3 Rg6 46. Bxg6 Kxg6 47. Rxg7+ Kf5 48. Rf7+ Ke4 49. d6) 43... Kg5 44. d5 (44. Rxa6 $142 Nh4 45. f4+ Kh5 46. d5 g5 47. d6 g4 48. d7 Nf3+ 49. Bxf3) 44... Ne7 45. Rxa6 {White mates.} f5 46. d6 fxe4 47. d7 Nf5 48. d8=Q+ Kh5 {[#]} 49. Qd5 $1 {Accuracy: White = 32%, Black = 23%.} 1-0

[Event "Stay Safe Play From Home 164"]
[Site "T#646228Emanuel Laske"]
[Date "2020.05.21"]
[Round "3"]
[White "Mepe_Nika"]
[Black "Sfantul321"]
[Result "1-0"]
[WhiteElo "2246"]
[BlackElo "2003"]
[Annotator "NA"]
[PlyCount "85"]
[EventDate "2020.05.21"]
[EventType "swiss (blitz)"]

1. e4 {[%emt 0:00:01]} Nf6 {[%emt 0:00:01]} 2. Nc3 {[%emt 0:00:02]} d6 {[%emt 0:00:01]} 3. d4 {[%emt 0:00:01]} e5 {[%emt 0:00:01]} 4. dxe5 {[%emt 0:00:01]} dxe5 {[%emt 0:00:01]} 5. Qxd8+ {[%emt 0:00:01]} Kxd8 {[%emt 0:00:00]} 6. Bc4 {[%emt 0:00:01]} Ke8 {[%emt 0:00:02]} 7. Bg5 {[%emt 0:00:01]} Be7 {[%emt 0:00:02]} 8. Nf3 {[%emt 0:00:01]} Nc6 {[%emt 0:00:01]} 9. Bb5 {[%emt 0:00:02]} Bd7 {[%emt 0:00:01]} 10. Bxc6 {[%emt 0:00:01]} Bxc6 {[%emt 0:00:01]} 11. Nxe5 {[%emt 0:00:01]} Bxe4 {[%emt 0:00:02]} 12. O-O-O {[%emt 0:00:04]} Bg6 {[%emt 0:00:02]} 13. Rhe1 {[%emt 0:00:03]} Kf8 {[%emt 0:00:02]} 14. Nxg6+ {[%emt 0:00:02]} hxg6 {[%emt 0:00:01]} 15. h4 {[%emt 0:00:02]} c6 {[%emt 0:00:01]} 16. b4 {[%emt 0:00:03]} Re8 {[%emt 0:00:02]} 17. b5 {[%emt 0:00:02]} Ba3+ {[%emt 0:00:02]} 18. Kb1 {[%emt 0:00:01]} Bb4 {[%emt 0:00:00]} 19. Rxe8+ {[%emt 0:00:02]} Kxe8 {[%emt 0:00:01]} 20. Bxf6 {[%emt 0:00:01]} gxf6 {[%emt 0:00:01]} 21. Ne4 {[%emt 0:00:01]} f5 {[%emt 0:00:03]} 22. Ng5 {[%emt 0:00:03]} Ke7 {[%emt 0:00:01]} 23. bxc6 {[%emt 0:00:01]} bxc6 {[%emt 0:00:01]} 24. g3 {[%emt 0:00:01]} Bc5 {[%emt 0:00:01]} 25. Rd3 {[%emt 0:00:03]} Bxf2 {[%emt 0:00:02]} 26. Kc1 {[%emt 0:00:01]} Rb8 {[%emt 0:00:02]} 27. Kd2 {[%emt 0:00:01]} Rb7 {[%emt 0:00:03]} 28. Rc3 {[%emt 0:00:01]} Kd6 {[%emt 0:00:02]} 29. Ke2 {[%emt 0:00:01]} Bd4 {[%emt 0:00:02]} 30. Rd3 {[%emt 0:00:01]} Kc5 {[%emt 0:00:01]} 31. c3 {[%emt 0:00:01]} Bf6 {[%emt 0:00:01]} 32. Nf3 {[%emt 0:00:00]} Rb2+ {[%emt 0:00:03]} 33. Ke3 {[%emt 0:00:02]} Rxa2 {[%emt 0:00:01]} 34. Nd2 {[%emt 0:00:01]} Ra1 {[%emt 0:00:01]} 35. Nb3+ {[%emt 0:00:01]} Kc4 {[%emt 0:00:01]} 36. Nxa1 {[%emt 0:00:00]} Bxc3 {[%emt 0:00:01]} 37. Nc2 {[%emt 0:00:01]} Bf6 {[%emt 0:00:01]} 38. Ne1 {[%emt 0:00:01]} Be5 {[%emt 0:00:01]} 39. Rd7 {[%emt 0:00:00]} Bxg3 {[%emt 0:00:02]} 40. Nf3 {[%emt 0:00:00]} f4+ {[%emt 0:00:01]} 41. Ke2 {[%emt 0:00:00]} f6 {[%emt 0:00:01]} 42. Rf7 {[%emt 0:00:00]} f5 {[%emt 0:00:02]} 43. Rf6 {[%emt 0:00:01] Time ' (Lag: Av=0.27s, max=0.7s)} 1-0

[Event "Stay Safe Play From Home 164"]
[Site "T#646228Emanuel Laske"]
[Date "2020.05.21"]
[Round "3"]
[White "Castlingarrocco"]
[Black "Lazieri3"]
[Result "0-1"]
[WhiteElo "2029"]
[BlackElo "2131"]
[Annotator "NA RC"]
[PlyCount "96"]
[EventDate "2020.05.21"]
[EventType "swiss (blitz)"]

1. d4 {[%emt 0:00:00]} c6 {[%emt 0:00:00]} 2. e3 {[%emt 0:00:00]} d5 {[%emt 0:00:00]} 3. Nf3 {[%emt 0:00:00]} Nf6 {[%emt 0:00:01]} 4. b3 {[%emt 0:00:00]} Bf5 {[%emt 0:00:03]} 5. Bb2 {[%emt 0:00:01]} e6 {[%emt 0:00:01]} 6. Be2 {[%emt 0:00:00]} h6 {[%emt 0:00:01]} 7. O-O {[%emt 0:00:00]} Bd6 {[%emt 0:00:01]} 8. Ne5 {[%emt 0:00:00]} Nbd7 {[%emt 0:00:01]} 9. f4 {[%emt 0:00:01]} Ne4 {[%emt 0:00:01]} 10. Nd2 {[%emt 0:00:01]} Ndf6 {[%emt 0:00:02]} 11. c4 {[%emt 0:00:01]} Qe7 {[%emt 0:00:02]} 12. cxd5 {[%emt 0:00:01]} exd5 {[%emt 0:00:01]} 13. Nef3 {[%emt 0:00:01]} Ba3 {[%emt 0:00:01]} 14. Bxa3 {[%emt 0:00:02]} Qxa3 {[%emt 0:00:01]} 15. Nxe4 {[%emt 0:00:01]} Nxe4 {[%emt 0:00:00]} 16. Ne5 {[%emt 0:00:01]} Nc3 {[%emt 0:00:01]} 17. Qd2 {[%emt 0:00:02]} Nxe2+ {[%emt 0:00:01]} 18. Qxe2 {[%emt 0:00:00]} Be4 {[%emt 0:00:01]} 19. Qg4 {[%emt 0:00:01]} O-O {[%emt 0:00:01]} 20. Qe2 {[%emt 0:00:03]} Qd6 {[%emt 0:00:02]} 21. g4 {[%emt 0:00:01]} f6 {[%emt 0:00:01]} 22. Ng6 {[%emt 0:00:01]} Bxg6 {[%emt 0:00:01]} 23. f5 {[%emt 0:00:01]} Bf7 {[%emt 0:00:01]} 24. Rae1 {[%emt 0:00:02]} Rfe8 {[%emt 0:00:01]} 25. Qg2 {[%emt 0:00:01]} Re4 {[%emt 0:00:01]} 26. Qg3 {[%emt 0:00:01]} Qxg3+ {[%emt 0:00:02]} 27. hxg3 {[%emt 0:00:00]} Rxg4 {[%emt 0:00:01]} 28. Rf3 {[%emt 0:00:01]} Re8 {[%emt 0:00:02]} 29. Kf2 {[%emt 0:00:00]} Bh5 {[%emt 0:00:01]} 30. b4 {[%emt 0:00:02]} Rge4 {[%emt 0:00:04]} 31. Rf4 {[%emt 0:00:01]} Rxf4+ {[%emt 0:00:01]} 32. gxf4 {[%emt 0:00:00]} Bg4 {[%emt 0:00:01]} 33. b5 {[%emt 0:00:03]} Bxf5 {[%emt 0:00:01]} 34. bxc6 {[%emt 0:00:00]} bxc6 {[%emt 0:00:00]} 35. Rc1 {[%emt 0:00:00]} Bd7 {[%emt 0:00:02]} 36. Rc5 {[%emt 0:00:01]} Rb8 {[%emt 0:00:01]} 37. Ra5 {[%emt 0:00:01]} Rb7 {[%emt 0:00:01]} 38. a4 {[%emt 0:00:01]} h5 {[%emt 0:00:01]} 39. Kg3 {[%emt 0:00:01]} g5 {[%emt 0:00:02]} 40. fxg5 {[%emt 0:00:01]} fxg5 {[%emt 0:00:00]} 41. Rc5 {[%emt 0:00:01]} h4+ {[%emt 0:00:01]} 42. Kh2 {[%emt 0:00:02]} Rb2+ {[%emt 0:00:02]} 43. Kg1 {[%emt 0:00:00]} g4 {[%emt 0:00:01]} 44. Rc1 {[%emt 0:00:01]} g3 {[%emt 0:00:01]} 45. Rf1 {[%emt 0:00:02]} h3 {[%emt 0:00:01]} 46. Ra1 {[%emt 0:00:03]} Bf5 {[%emt 0:00:01]} 47. Rc1 {[%emt 0:00:02]} h2+ {[%emt 0:00:01]} 48. Kh1 {[%emt 0:00:03]} Be4# {[%emt 0:00:01] (Lag: Av=0.46s, max=1.0s)} 0-1